| 000 | 00986cpmaa2200265 4500 | ||
|---|---|---|---|
| 001 | mm 81060099 | ||
| 003 | DLC | ||
| 005 | 20260227111710.0 | ||
| 008 | 811028|||||||||||| eng | ||
| 010 | _amm 81060099 | ||
| 040 |
_aDLC _cDLC _edacs _dDLC |
||
| 041 |
_aeng _agre _alat |
||
| 072 | 7 |
_aC _2lcmd |
|
| 100 | 1 |
_aBaker, B., _dactive 1710-1711. |
|
| 245 | 0 | 0 |
_aCommonplace-book of B. Baker, _f1711. |
| 300 |
_a1 _fitem. |
||
| 300 |
_a1 _fcontainer. |
||
| 506 | 0 | _aOpen to research. | |
| 520 | 8 | _aCommonplace-book (428 pages) of passages and extracts from various ancient and modern authors relating to questions of religion, morality, the conduct of life, etc. Includes index. | |
| 546 | _aCollection material in English, with Greek, and Latin. | ||
| 650 | 0 | _aCommonplace books. | |
| 650 | 0 | _aReligion. | |
| 999 |
_c43257 _d43257 |
||